00693cam a2200205 a 450000100060000000300080000600500170001400800410003103500190007204000290009104100080012008200300012810000270015824500930018526000400027830000620031850400380038050400200041865000490043823297BD-RjUL20211209000920.0140310s1955 enkabf b 001 0 eng d a(BD-RjUL)23362 aNZOCbengcNZOCdBD-RjUL aeng04a796.5220954219bMAA 19551 aMason, Kenneth,d1887-10aAbode of snow :ba history of Himalayan exploration and mountaineering /cKenneth Mason. aLondon :bRupert Hart-Davis,c1955. axi, 372 p., [12] leaves of plates :bill., maps ;c22 cm. a"Short bibliography": p. 355-357. aIncludes index. 0aMountaineeringzHimalaya MountainsxHistory.